[Event "POR-chT"]
[Site "Porto"]
[Date "2016.08.16"]
[Round "4.14"]
[White "Wegerle, Joerg"]
[Black "Santos, Jose Pereira"]
[Result "1-0"]
[WhiteElo "2446"]
[BlackElo "2283"]
[PlyCount "115"]
[EventDate "2016.08.14"]
[EventType "team-tourn"]
[EventRounds "9"]
[EventCountry "POR"]
[SourceTitle "CBM 173 Extra"]
[Source "ChessBase"]
[SourceDate "2016.08.29"]
[SourceVersion "1"]
[SourceVersionDate "2016.08.29"]
[SourceQuality "1"]
[WhiteTeam "Coimbra"]
[BlackTeam "Barreirense"]
[WhiteTeamCountry "POR"]
[BlackTeamCountry "POR"]

1. d4 Nf6 2. Nf3 g6 3. Nc3 d5 4. Bf4 Bg7 5. e3 0-0 6. Be2 c5 7. 0-0 b6 8. Ne5 Bb7 9. a4 Nc6 10. Qd2 Nxe5 11. Bxe5 e6 12. a5 Qd7 13. Rfd1 Rfd8 14. Ra3 Bc6 15. Bf3 c4 16. Qe1 b5 17. Na2 a6 18. Nb4 Bb7 19. Raa1 Qe7 20. c3 Bf8 21. Bxf6 Qxf6 22. Nc2 Qf5 23. Qe2 Bd6 24. Re1 Rd7 25. g3 Rc8 26. Red1 h5 27. Bg2 Kg7 28. f4 Rh8 29. Rf1 Rc7 30. Rf2 Rhc8 31. Rd1 Rd7 32. Qe1 h4 33. e4 dxe4 34. Ne3 Qf6 35. Ng4 Qe7 36. Ne5 f5 37. Nxd7 Qxd7 38. Qe3 Bd5 39. Bf1 Rh8 40. Be2 Kf7 41. g4 Qd8 42. Ra1 Bc7 43. Kh1 Bxa5 44. Rg2 Bb7 45. Rag1 Qf6 46. gxf5 gxf5 47. Rg5 Bd5 48. Ra1 Qd8 49. h3 Bc7 50. Rag1 Ke7 51. Rg7+ Kd6 52. Ra1 a5 53. b3 Qb8 54. bxc4 bxc4 55. Qc1 Kc6 56. Qa3 Qf8 57. Qa4+ Kd6 58. Qd7# 1-0

[Event "EU-Cup 17th"]
[Site "Panormo"]
[Date "2001.09.23"]
[Round "1.4"]
[White "Santos, Jose Pereira"]
[Black "Schmidt, Martin"]
[Result "1/2-1/2"]
[WhiteElo "2299"]
[BlackElo "2104"]
[PlyCount "52"]
[EventDate "2001.09.22"]
[EventType "team-swiss"]
[EventRounds "7"]
[EventCountry "GRE"]
[SourceTitle "CBM 084 Extra"]
[Source "ChessBase"]
[SourceDate "2001.10.26"]
[SourceVersion "1"]
[SourceVersionDate "2001.10.26"]
[SourceQuality "1"]
[WhiteTeam "Porto Boavista"]
[BlackTeam "Dublin"]
[WhiteTeamCountry "POR"]
[BlackTeamCountry "IRL"]

1. d4 Nf6 2. c4 g6 3. Nc3 Bg7 4. Nf3 0-0 5. Bg5 d6 6. e3 c6 7. h3 Nbd7 8. Be2 Re8 9. 0-0 h6 10. Bh4 e5 11. Qc2 Nf8 12. Rfd1 Qc7 13. Bg3 b6 14. b4 a5 15. a3 axb4 16. axb4 Rxa1 17. Rxa1 Bf5 18. Qb3 Ne4 19. Nxe4 Bxe4 20. dxe5 dxe5 21. Ra6 c5 22. bxc5 bxc5 23. Qb6 Qxb6 24. Rxb6 f6 25. Nd2 Ba8 26. Nb3 Ne6 1/2-1/2

[Event "POR-chT"]
[Site "Aveiro"]
[Date "2000.06.12"]
[Round "2"]
[White "Santos, Jose Pereira"]
[Black "Prata, Jose Miguel Mendes"]
[Result "1/2-1/2"]
[WhiteElo "2301"]
[BlackElo "2064"]
[PlyCount "81"]
[EventDate "2000.06.11"]
[EventType "team-swiss"]
[EventRounds "9"]
[EventCountry "POR"]
[SourceTitle "EXT 2001"]
[Source "ChessBase"]
[SourceDate "2000.11.22"]
[SourceVersion "1"]
[SourceVersionDate "2000.11.22"]
[SourceQuality "1"]

1. d4 d5 2. Nf3 Nf6 3. g3 c6 4. Bg2 Bf5 5. 0-0 h6 6. b3 e6 7. Bb2 Be7 8. Nbd2 Nbd7 9. c4 0-0 10. Ne5 Nxe5 11. dxe5 Nd7 12. e4 dxe4 13. Nxe4 Bxe4 14. Bxe4 Nc5 15. Bc2 Qxd1 16. Rfxd1 Rfd8 17. Kg2 Rxd1 18. Rxd1 Rd8 19. Rxd8+ Bxd8 20. f4 g6 21. Kf3 h5 22. b4 Na6 23. Bc3 Be7 24. a3 Kf8 25. Be4 Ke8 26. Bd2 Nc7 27. Be3 a6 28. Ke2 Kd7 29. Bb6 Na8 30. Be3 Nc7 31. Kd3 Na8 32. Kc3 Nc7 33. Bb6 Na8 34. Be3 Kc7 35. Kb3 Nb6 36. a4 Nd7 37. a5 Bf8 38. Kc3 Bh6 39. Bd2 Bf8 40. Kd3 Be7 41. Bc3 1/2-1/2

[Event "POR Cup fin"]
[Site "Felgueiras"]
[Date "1999.09.04"]
[Round "?"]
[White "Santos, Jose Pereira"]
[Black "Blalock, Rex E"]
[Result "1-0"]
[WhiteElo "2308"]
[BlackElo "2150"]
[PlyCount "67"]
[EventDate "1999.09.04"]
[EventType "team"]
[EventRounds "1"]
[EventCountry "POR"]
[SourceTitle "EXT 2004"]
[Source "ChessBase"]
[SourceDate "2003.11.25"]
[SourceVersion "1"]
[SourceVersionDate "2003.11.25"]
[SourceQuality "1"]

1. d4 d5 2. Nf3 Nf6 3. g3 c6 4. Bg2 Bf5 5. 0-0 e6 6. Nbd2 Bd6 7. c4 0-0 8. b3 Nbd7 9. Bb2 h6 10. Ne5 Bxe5 11. dxe5 Ng4 12. Nf3 Be4 13. h3 Bxf3 14. exf3 Ngxe5 15. f4 Ng6 16. f5 exf5 17. cxd5 cxd5 18. Qxd5 Rb8 19. Qxf5 Nf6 20. Rad1 Qb6 21. Bxf6 gxf6 22. h4 Qe6 23. Qa5 a6 24. Rfe1 Qg4 25. Rd6 f5 26. Rf6 f4 27. h5 fxg3 28. hxg6 gxf2+ 29. Rxf2 fxg6 30. Qd5+ Kh8 31. Qe5+ Kg8 32. Qd5+ Kh8 33. Re7 Rxf2 34. Qe5+ 1-0

[Event "Santo Antonio"]
[Site "Santo Antonio"]
[Date "1999.05.21"]
[Round "7"]
[White "Campora, Daniel Hugo"]
[Black "Santos, Jose Pereira"]
[Result "1-0"]
[WhiteElo "2553"]
[BlackElo "2355"]
[PlyCount "99"]
[EventDate "1999.05.??"]
[EventType "tourn"]
[EventRounds "9"]
[EventCountry "POR"]
[EventCategory "8"]
[SourceTitle "CBM 070 Extra"]
[Source "ChessBase"]
[SourceDate "1999.07.10"]
[SourceVersion "1"]
[SourceVersionDate "1999.07.10"]
[SourceQuality "1"]

1. e4 c6 2. d4 d5 3. Nc3 dxe4 4. Nxe4 Bf5 5. Ng3 Bg6 6. Nh3 e6 7. Nf4 Qc7 8. h4 Bd6 9. Nxg6 hxg6 10. Ne4 Bf4 11. g3 Bxc1 12. Qxc1 Nd7 13. Qe3 Ngf6 14. Ng5 Nb6 15. 0-0-0 0-0-0 16. Be2 Kb8 17. Kb1 Rhe8 18. f4 Re7 19. c4 Nbd7 20. Rhe1 Nf8 21. Bf3 Red7 22. Be2 Rc8 23. Bf1 Rcd8 24. Rd3 Ng4 25. Qe2 Nh6 26. Red1 Nf5 27. Qf2 Qb6 28. Nf3 f6 29. Bh3 Qb4 30. Bxf5 gxf5 31. Qc2 g6 32. Rb3 Qa5 33. Ra3 Qc7 34. Qa4 a6 35. Rad3 c5 36. d5 exd5 37. cxd5 Ka7 38. R3d2 Rd6 39. Qc2 b6 40. a3 Qb7 41. Qc4 Re8 42. h5 gxh5 43. Nh4 Re4 44. Qc2 Qh7 45. Nxf5 Qxf5 46. Re2 Rd4 47. Qxf5 Rxd1+ 48. Kc2 R1xd5 49. Qc8 Nd7 50. Qc7+ 1-0

[Event "Santo Antonio"]
[Site "Santo Antonio"]
[Date "1999.05.15"]
[Round "1"]
[White "Pinheiro, Jose"]
[Black "Santos, Jose Pereira"]
[Result "0-1"]
[WhiteElo "2272"]
[BlackElo "2355"]
[PlyCount "46"]
[EventDate "1999.05.??"]
[EventType "tourn"]
[EventRounds "9"]
[EventCountry "POR"]
[EventCategory "8"]
[SourceTitle "CBM 070 Extra"]
[Source "ChessBase"]
[SourceDate "1999.07.10"]
[SourceVersion "1"]
[SourceVersionDate "1999.07.10"]
[SourceQuality "1"]

1. c4 Nf6 2. Nc3 c5 3. g3 g6 4. Bg2 Bg7 5. Nf3 0-0 6. d4 cxd4 7. Nxd4 Nc6 8. Nc2 d6 9. 0-0 Qa5 10. Nd5 Qc5 11. Bg5 Nxd5 12. cxd5 Nb4 13. Ne3 Bxb2 14. Rb1 Bf6 15. Bxf6 exf6 16. Qa4 a5 17. a3 Na2 18. Rb2 Nc3 19. Qf4 Kg7 20. h4 h6 21. Kh2 b5 22. Bf3 Qxa3 23. Rc2 Qb4 0-1

[Event "Boavista Challenge"]
[Site "Porto"]
[Date "1998.12.07"]
[Round "5"]
[White "Santos, Jose Pereira"]
[Black "Ferreira, Paulo"]
[Result "0-1"]
[WhiteElo "2345"]
[BlackElo "2205"]
[PlyCount "88"]
[EventDate "1998.12.03"]
[EventType "tourn"]
[EventRounds "11"]
[EventCountry "POR"]
[EventCategory "1"]
[SourceTitle "CBM 067 Extra"]
[Source "ChessBase"]
[SourceDate "1999.01.01"]
[SourceVersion "1"]
[SourceVersionDate "1999.01.01"]
[SourceQuality "1"]

1. d4 Nf6 2. c4 g6 3. Nc3 Bg7 4. e4 d6 5. f3 0-0 6. Be3 Nc6 7. Nge2 a6 8. Qd2 Rb8 9. Rb1 Nd7 10. h4 e5 11. d5 Ne7 12. h5 f5 13. b4 f4 14. Bg1 Nf6 15. hxg6 hxg6 16. c5 Bd7 17. g3 g5 18. g4 Kf7 19. Nc1 Rh8 20. Rxh8 Qxh8 21. Nd3 Ng6 22. Qh2 Nh4 23. Be2 Qh7 24. Qh1 Rh8 25. Kd1 Qg8 26. Bf2 Rh6 27. Kc2 Qh7 28. Qg1 Bxg4 29. fxg4 Nxe4 30. Nxe4 Qxe4 31. Qd1 Qc4+ 32. Kd2 Qxa2+ 33. Rb2 Qxd5 34. Qb3 Qxb3 35. Rxb3 d5 36. b5 e4 37. bxa6 bxa6 38. Nb4 c6 39. Nxa6 Ng6 40. Rb7+ Kg8 41. Nb8 Rh2 42. Ke1 Bc3+ 43. Kf1 f3 44. Nxc6 e3 0-1

[Event "Boavista Challenge"]
[Site "Porto"]
[Date "1998.12.03"]
[Round "1"]
[White "Santos, Jose Pereira"]
[Black "Ribeiro, Fernando"]
[Result "1-0"]
[WhiteElo "2345"]
[BlackElo "2335"]
[PlyCount "65"]
[EventDate "1998.12.03"]
[EventType "tourn"]
[EventRounds "11"]
[EventCountry "POR"]
[EventCategory "1"]
[SourceTitle "CBM 067 Extra"]
[Source "ChessBase"]
[SourceDate "1999.01.01"]
[SourceVersion "1"]
[SourceVersionDate "1999.01.01"]
[SourceQuality "1"]

1. d4 Nf6 2. c4 g6 3. Nc3 Bg7 4. Nf3 0-0 5. Bf4 d6 6. h3 b6 7. e3 c5 8. d5 Na6 9. Be2 Nc7 10. 0-0 a6 11. a4 Bd7 12. e4 b5 13. axb5 axb5 14. cxb5 Rxa1 15. Qxa1 Qb8 16. Qa5 Qb7 17. Qa4 Rb8 18. e5 Nfxd5 19. exd6 Ra8 20. Qe4 Bf5 21. Qc4 Nb6 22. Qb3 Ne6 23. Bg3 Nd4 24. Nxd4 cxd4 25. Bf3 Qc8 26. Nd5 Nxd5 27. Bxd5 Bc2 28. Qf3 exd6 29. Bxa8 d3 30. Bf4 Bxb2 31. Bd2 Bd4 32. Bd5 Qd7 33. Bc4 1-0

[Event "Lisbon Masters"]
[Site "Lisbon"]
[Date "1996.??.??"]
[Round "4"]
[White "Galego, Luis"]
[Black "Santos, Jose Pereira"]
[Result "1/2-1/2"]
[WhiteElo "2445"]
[BlackElo "2355"]
[PlyCount "23"]
[EventDate "1996.??.??"]
[EventType "tourn"]
[EventRounds "9"]
[EventCountry "POR"]
[EventCategory "4"]
[SourceTitle "CBM 051 Extra"]
[Source "ChessBase"]
[SourceDate "1996.05.01"]
[SourceVersion "1"]
[SourceVersionDate "1996.05.01"]
[SourceQuality "1"]

1. c4 c6 2. Nc3 d5 3. cxd5 cxd5 4. d4 Nf6 5. Bf4 e6 6. e3 Nc6 7. Nf3 Bd6 8. Bb5 Bxf4 9. exf4 Qd6 10. Ne5 0-0 11. 0-0 Bd7 12. Rc1 1/2-1/2

[Event "POR-chT 9596"]
[Site "Evora"]
[Date "1996.??.??"]
[Round "?"]
[White "Santos, Jose Pereira"]
[Black "Antunes, Antonio"]
[Result "1-0"]
[WhiteElo "2355"]
[BlackElo "2545"]
[PlyCount "97"]
[EventDate "1995.??.??"]
[EventType "team"]
[EventRounds "5"]
[EventCountry "POR"]
[SourceTitle "EXT 2000"]
[Source "ChessBase"]
[SourceDate "1999.11.16"]
[SourceVersion "1"]
[SourceVersionDate "1999.11.16"]
[SourceQuality "1"]

1. d4 d5 2. Bf4 Nf6 3. Nf3 c5 4. c3 Qb6 5. Qb3 Nc6 6. Qxb6 axb6 7. e3 c4 8. Be2 e6 9. 0-0 b5 10. Nfd2 b4 11. Rc1 Bd7 12. a3 b3 13. Nf1 Be7 14. Nbd2 b5 15. Bf3 Na7 16. a4 0-0 17. axb5 Nxb5 18. Rcb1 Rxa1 19. Rxa1 Rc8 20. h3 h6 21. e4 Bc6 22. exd5 Nxd5 23. Bxd5 exd5 24. Ne3 Ra8 25. Rxa8+ Bxa8 26. Kf1 g5 27. Be5 f6 28. Bg3 Kf7 29. Ke1 Ke6 30. Nb1 Bc6 31. f3 Be8 32. Kd2 Bg6 33. Kc1 Bd3 34. Nd2 Nxc3 35. bxc3 Ba3+ 36. Kd1 Bb2 37. Be1 Bxc3 38. Nxb3 cxb3 39. Bxc3 f5 40. Kd2 Bb5 41. g4 f4 42. Nf5 Bf1 43. Nxh6 Bxh3 44. Ke2 Bg2 45. Kf2 Bh1 46. Nf5 Kd7 47. Bb2 Ke6 48. Ba3 Kd7 49. Ng7 1-0

[Event "Lisbon Masters"]
[Site "Lisbon"]
[Date "1996.??.??"]
[Round "1"]
[White "Santos, Jose Pereira"]
[Black "Frois, Antonio"]
[Result "1/2-1/2"]
[WhiteElo "2355"]
[BlackElo "2380"]
[PlyCount "54"]
[EventDate "1996.??.??"]
[EventType "tourn"]
[EventRounds "9"]
[EventCountry "POR"]
[EventCategory "4"]
[SourceTitle "CBM 051 Extra"]
[Source "ChessBase"]
[SourceDate "1996.05.01"]
[SourceVersion "1"]
[SourceVersionDate "1996.05.01"]
[SourceQuality "1"]

1. d4 d5 2. Nf3 Nf6 3. c4 e6 4. Nc3 c5 5. cxd5 exd5 6. g3 Be7 7. Bg2 0-0 8. 0-0 Nc6 9. dxc5 Bxc5 10. Bg5 d4 11. Bxf6 Qxf6 12. Nd5 Qd8 13. Nd2 Re8 14. Re1 Bg4 15. Nf4 Bb6 16. Nc4 Rc8 17. a3 Bf5 18. Rc1 Be4 19. Bxe4 Rxe4 20. Qd3 Re8 21. Qf3 Rc7 22. Nxb6 axb6 23. Nd3 Rce7 24. Rc2 Re6 25. Rec1 Qg5 26. h4 Qb5 27. Nf4 Re4 1/2-1/2

[Event "EU-Cup 10th Group3"]
[Site "Strasbourg"]
[Date "1994.09.04"]
[Round "3"]
[White "Schlosser, Michael"]
[Black "Santos, Jose Pereira"]
[Result "1-0"]
[WhiteElo "2365"]
[BlackElo "2370"]
[PlyCount "71"]
[EventDate "1994.09.02"]
[EventType "team-k.o."]
[EventRounds "3"]
[EventCountry "FRA"]
[SourceTitle "EXT 2020"]
[Source "ChessBase"]
[SourceDate "2019.10.17"]
[SourceVersion "1"]
[SourceVersionDate "2019.10.17"]
[SourceQuality "1"]
[WhiteTeam "Vienna Margareten Winterthur"]
[BlackTeam "Lisbon TLP"]
[WhiteTeamCountry "AUT"]
[BlackTeamCountry "POL"]

1. e4 c6 2. d4 d5 3. Nc3 dxe4 4. Nxe4 Bf5 5. Ng3 Bg6 6. h4 h6 7. Nf3 Nd7 8. h5 Bh7 9. Bd3 Bxd3 10. Qxd3 Ngf6 11. Bd2 Qc7 12. 0-0-0 e6 13. Ne4 0-0-0 14. g3 Nc5 15. Nxc5 Bxc5 16. c4 Qe7 17. Ba5 Bb6 18. Bc3 c5 19. Qe2 Rhe8 20. Rd2 a6 21. a3 Qc7 22. Kb1 Qc6 23. Re1 cxd4 24. Nxd4 Qg2 25. b4 Qh3 26. c5 Bc7 27. b5 Qxh5 28. g4 Qxc5 29. Rc1 Qb6 30. Bb2 Re7 31. bxa6 Qxa6 32. Nc6 Qxe2 33. Nxe7+ Kb8 34. Rxe2 Re8 35. Bxf6 gxf6 36. Nd5 1-0

[Event "POR-chB"]
[Site "Portugal"]
[Date "1993.??.??"]
[Round "3"]
[White "Parcerias, Pedro"]
[Black "Santos, Jose Pereira"]
[Result "1-0"]
[WhiteElo "2290"]
[BlackElo "2355"]
[PlyCount "122"]
[EventDate "1993.??.??"]
[EventType "tourn"]
[EventRounds "9"]
[EventCountry "POR"]
[EventCategory "2"]
[SourceTitle "TD"]
[Source "ChessBase"]
[SourceDate "1994.03.01"]
[SourceVersion "1"]
[SourceVersionDate "1994.03.01"]
[SourceQuality "1"]

1. e4 e5 2. Nf3 Nc6 3. Bb5 a6 4. Bxc6 dxc6 5. 0-0 f6 6. d4 Bg4 7. dxe5 Qxd1 8. Rxd1 fxe5 9. Rd3 Bxf3 10. gxf3 Bd6 11. Be3 Ne7 12. Nd2 0-0-0 13. Nc4 Ng6 14. Kf1 Be7 15. Ke2 b6 16. Rg1 Rxd3 17. cxd3 c5 18. Nd2 Kd7 19. a4 a5 20. Rg4 Ke6 21. Nf1 Rb8 22. Nd2 Rf8 23. Nc4 Rf7 24. Bg5 Bf8 25. h4 h5 26. Rg1 Rd7 27. Be3 Nxh4 28. Rg5 Bd6 29. Rxh5 Ng6 30. Rg5 Kf6 31. Rf5+ Ke6 32. b3 Rd8 33. Bg5 Rb8 34. Kd2 Rh8 35. Nxd6 cxd6 36. f4 Rh3 37. fxe5 Nxe5 38. Be3 d5 39. f4 Rh2+ 40. Kd1 Nxd3 41. Rxd5 Nf2+ 42. Ke1 Ng4 43. f5+ Kf7 44. Bg5 Nf6 45. Bxf6 Kxf6 46. Rd6+ Ke5 47. Re6+ Kf4 48. Rxb6 Kxe4 49. Rb5 Ke3 50. Kd1 Kd3 51. Kc1 Kc3 52. Rxc5+ Kxb3 53. Rxa5 Rh5 54. Re5 Kxa4 55. Kd2 g6 56. Re4+ Kb5 57. fxg6 Rg5 58. Re6 Kc5 59. Ke3 Kd5 60. Kf4 Rg1 61. Ra6 Rf1+ 1-0